Wszystkie Kluby Premier League (2019-20) - Statystyki

Ogólne statystyki
  • Ten quiz został rozwiązany 123 razy
  • Średni wynik to 15 z 20
Statystyki odpowiedzi
Kluby % Poprawnych
Manchester City
97%
Manchester United
96%
Liverpool
95%
Arsenal
94%
Tottenham
93%
Chelsea
92%
Leicester
80%
West Ham
76%
Everton
73%
Aston Villa
72%
Crystal Palace
68%
Southampton
68%
Wolverhampton
66%
Newcastle
61%
Brighton
59%
Watford
57%
Bournemouth
55%
Sheffield
54%
Burnley
53%
Norwich City
46%
Nie znaleziono quizów pasujących do podanych kryteriów
Rozkład punktacji
Procent ludzi z każdym wynikiem
Percentyl według liczby udzielonych odpowiedzi
Twoja historia wyników
Nie rozwiązałeś tego quizu